La movilización del capital y el trabajo y sus efectos en el intercambio comercial de El Salvador /

Movilización del capital y el trabajo y sus efectos en el intercambio comercial de El Salvador. San Salvador, el Salvador, Universidad Centroamericana José Simeón Cañas./ACM

Enregistré dans:
Détails bibliographiques
Auteur principal: Dada Hutt, Oscar Emilio
Format: Thèse
Publié: San Salvador: Uiversidad Centroamericana José Simeón Cañas
Sujets:
Tags: Ajouter un tag
Pas de tags, Soyez le premier à ajouter un tag!

MARC

LEADER 00000 a a2200000 04500
001 20097
003
040 |a CRAI/IIS  |c CRAI/IIS 
090 |a 08263.00  
100 |a Dada Hutt, Oscar Emilio  
245 |a La movilización del capital y el trabajo y sus efectos en el intercambio comercial de El Salvador /  |c Oscar Emilio Dada Hutt 
260 |a San Salvador:   |b Uiversidad Centroamericana José Simeón Cañas  
300 |a 144 páginas  
502 |a Tesis (Licenciado en Economía) -- Universidad Centroamericana José Simeón Cañas. Facultad de Ciencias Económicas. Escuela de Economía, 1976  
520 |a Movilización del capital y el trabajo y sus efectos en el intercambio comercial de El Salvador. San Salvador, el Salvador, Universidad Centroamericana José Simeón Cañas./ACM  
650 |a EL SALVADOR  
650 |a COMERCIO INTERNACIONAL  
650 |a MERCADO INTERNACIONAL  
650 |a EXPORTACIONES  
650 |a TERNMINOS DE INTERCAMBIO  
650 |a RELACION CAPITAL   |z -TRABAJO  
999 |c 17955  |d 17955